Entidades sin animo de lucro : (Registro nro. 20254)

Detalles MARC
000 -LEADER
fixed length control field 01442nam a2200313 4500
001 - CONTROL NUMBER
control field 0000021737
003 - CONTROL NUMBER IDENTIFIER
control field CO-CtgCURN
005 - DATE AND TIME OF LATEST TRANSACTION
control field 20250331184446.0
007 - PHYSICAL DESCRIPTION FIXED FIELD--GENERAL INFORMATION
fixed length control field ta
008 - FIXED-LENGTH DATA ELEMENTS--GENERAL INFORMATION
fixed length control field 160627s2007 000 0 eng d
020 ## - INTERNATIONAL STANDARD BOOK NUMBER
International Standard Book Number 9789586536103
040 ## - CATALOGING SOURCE
Original cataloging agency CO-CtgCURN
Language of cataloging spa
Transcribing agency coctgcurn
082 0# - DEWEY DECIMAL CLASSIFICATION NUMBER
Classification number 346.064
Item number J28e
100 1# - MAIN ENTRY--PERSONAL NAME
Personal name Jaramillo Díaz, Juan Carlos.
245 10 - TITLE STATEMENT
Title Entidades sin animo de lucro :
Remainder of title caracteristicas y aplicaciones del regimen tributario /
Statement of responsibility, etc. Juan Carlos Jaramillo Díaz.
260 ## - PUBLICATION, DISTRIBUTION, ETC.
Place of publication, distribution, etc. Bogotá :
Name of publisher, distributor, etc. Legis,
Date of publication, distribution, etc. 2007.
300 ## - PHYSICAL DESCRIPTION
Extent xvii, 452 p.
336 ## - CONTENT TYPE
Source rdacontent
337 ## - MEDIA TYPE
Source rdamedia
Media type term sin mediacion
Media type code n
338 ## - CARRIER TYPE
Source rdacarrier
Carrier type term volumen
Carrier type code nc
500 ## - GENERAL NOTE
General note Incluye apendice: Consideraciones previas.--Decretos: reglamentacion actual y anterior del regimen tributario especial.--Decretos de interes en el marco de la cooperacion nternacional.
504 ## - BIBLIOGRAPHY, ETC. NOTE
Bibliography, etc. note Bibliografia (p. 447-449)
505 8# - FORMATTED CONTENTS NOTE
Formatted contents note Aspectos jurídicos de las entidades sin animo de lucro.--Aspectos tributarios: presentacion general del reginem tributario especial.--Impuestos sobre las ventas.--Impuesto de industria y comercio.--Elementos de derecho comparado
650 14 - SUBJECT ADDED ENTRY--TOPICAL TERM
Topical term or geographic name entry element Organizaciones sin animo de lucro
Form subdivision Legislacion
Geographic subdivision Colombia.
730 0# - ADDED ENTRY--UNIFORM TITLE
Uniform title Caracteristicas y aplicaciones del regimen tributario.
908 ## - PUT COMMAND PARAMETER (RLIN)
Put command parameter 160627
942 ## - ADDED ENTRY ELEMENTS (KOHA)
Koha item type Libros
Classification part 346.064
Item part J28e
Source of classification or shelving scheme Dewey Decimal Classification
Existencias
Withdrawn status Lost status Source of classification or shelving scheme Damaged status Not for loan Collection Home library Current library Shelving location Date acquired Inventory number Total checkouts Full call number Barcode Date last seen Copy number Price effective from Koha item type Public note
    Dewey Decimal Classification     General Miguel Henríquez Castañeda Miguel Henríquez Castañeda General 03/31/2025 013579   346.064 J28e 013579 03/31/2025 ej.1 03/31/2025 Libros 340-DEREC